1526 1000 1878 1215 1837 1422 1104 1774 1741 1335 1545 1164 1902 1766 1350 1001 1086 1806 1136 1308 1452 1915 1204 1345 1765 1131 1718 1921 1335 1224 1049 1561 1226 1100 1389 1336 1137 1398 1939 1286 1423 1012 1713 1761 1620 1733 1210 1805 1662 1800 1313 1892 1386 1793 1032 1027 1496 1596 1974 1256 1341 1262 1283 1988 1972 1995 1922 1736 1175 1632 1607 1663 1701 1311 1615 1268 1557 1506 1597 1785 1279 1854 1667 1509 1117 1049 1802 1826 1972 1177 1705 1542 1977 1101 1542 1142 1667 1022 1585 BCNSPRNW ULIB Ver.6.0+V

เปลี่ยนเป็นภาษาไทย

Change to English
 แสดงรายละเอียดบรรณานุกรม
  กลับหน้าหลัก

Brief Record : Get Marc (ISO 2709) : E-mail record : QR code < ปิดหน้าต่าง
LEADER : 00000nam 2200000uu 4500
001    13399108354
003     ULIB
008    110301s2545||||th 000 0 tha d
020    9746520105
060 04 WS200^bต367 2545
245 00 ตำรากุมารเวชศาสตร์ฉุกเฉิน /^cบรรณาธิการ, วัลลี สัตยาศัย,จักรชัย จึงธีรพานิช
260    กรุงเทพฯ :^bสาขากุมารเวชศาสตร์ คณะแพทยศาสตร์มหาวิทยาลัยธรรมศาสตร์,^c2545
300    [7], 309 หน้า :^bภาพประกอบ ;^c26 ซม.
650  7 กุมารเวชศาสตร์
700 0  วัลลี สัตยาศัย,^eบรรณาธิการ
700 0  จักรชัย จึงธีรพานิช,^eบรรณาธิการ
710 2  มหาวิทยาลัยธรรมศาสตร์. ^bคณะแพทยศาสตร์.^bสาขากุมารเวชศาสตร์
945    ^p0^l0^i017188
945    ^p0^l0^i016282
945    ^p0^l0^i016283
945    ^p0^l0^i015568
945    ^p0^l0^i015567
945    ^p0^l0^i016284
945    ^p0^l0^i015569
995    เกษร
999 ^a ใช้งานได้ทุกระบบ
รายการนี้ยังไม่มีแท็ก
คุณยังไม่ได้ล็อกอิน คุณสามารถมีกิจกรรมร่วมกับเว็บไซต์ได้ แต่ต้องล็อกอินก่อน ::
  ล็อกอิน

รายการสื่อสารสนเทศ

ลำดับที่ ประเภท เลขเรียก/บาร์โค้ด สถานที่ สถานะ
- ไม่พบข้อมูล -

รายการใกล้เคียง
    หัวเรื่อง [กุมารเวชศาสตร์]

BibComment


ยังไม่เคยถูกคอมเมนท์

คอมเมนท์ทรัพยากรรายการนี้
  คอมเมนท์: ตำรากุมารเวชศาสตร..


 Copyright 2026. Bcnsprnw @Library